| 000 | 00656nam a2200229Ia 4500 | ||
|---|---|---|---|
| 003 | OSt | ||
| 005 | 20221007074208.0 | ||
| 006 | a|||||r|||| 00| 0 | ||
| 007 | ta | ||
| 008 | 221006b |||||||| |||| 00| 0 eng d | ||
| 024 | _a28,187 | ||
| 037 | _cReports / Technical Reports | ||
| 040 |
_aFLL _cFLL _beng |
||
| 041 |
_2eng _aeng |
||
| 082 | _aZ73:265, H9 | ||
| 100 |
_aGriffin John Wheeler _9692680 |
||
| 245 | 0 | _aAmerican law of collision | |
| 260 |
_aMichigan _bEdwards Brothers, Inc. _c1949 |
||
| 300 |
_axvi,944p _ccm. |
||
| 942 |
_hZ73:265, H9 _cREP _2CC |
||
| 999 |
_c1151501 _d1151501 |
||